| 000 | 00385cam a22001097a 4500 | ||
|---|---|---|---|
| 008 | 180718b1986 xxu||||| |||| 00| 0 eng d | ||
| 082 | _aB7703x5451 An24/1986 | ||
| 100 | _aAndhra Pradesh. Legislative Assembly | ||
| 245 | _aAndhra Pradesh Mandala Praja Parishads, Zilla Parishads and Zilla Pranalika Abhivrudhi Mandals Act, 1986 | ||
| 260 |
_aHyderabad _bThe author _c1986 |
||
| 300 | _a96p. | ||
| 999 |
_c488549 _d488549 |
||